Διαλέξεις : οργανωθείσαι υπό της Ε.Μ.Ε. και γενομέναι κατά τα έτη 1965-1966
Αποθηκεύτηκε σε:
| Συγγραφή απο Οργανισμό/Αρχή: | |
|---|---|
| Μορφή: | Βιβλίο |
| Γλώσσα: | Greek |
| Δημοσίευση: |
Αθήναι :
Παπαδημητρόπουλος,
1967.
|
| Θέματα: | |
| Ετικέτες: |
Προσθήκη ετικέτας
Δεν υπάρχουν, Καταχωρήστε ετικέτα πρώτοι!
|
MARC
| LEADER | 00000cam a2200000 i 4500 | ||
|---|---|---|---|
| 001 | 1/12207 | ||
| 008 | 110302s1967 gr | ||| |||| ||gre|| | ||
| 035 | |l 10109698 | ||
| 040 | |a GR-MyUA |b gre |e AACR2 | ||
| 041 | 0 | |a gre | |
| 082 | 0 | |a 510 |2 (22) | |
| 110 | 2 | |a Ελληνική Μαθηματική Εταιρεία. | |
| 245 | 1 | 0 | |a Διαλέξεις : |b οργανωθείσαι υπό της Ε.Μ.Ε. και γενομέναι κατά τα έτη 1965-1966 / |c Ελληνική Μαθηματική Εταιρεία. |
| 260 | |a Αθήναι : |b Παπαδημητρόπουλος, |c 1967. | ||
| 300 | |a 111 σ. ; |c 22 εκ. | ||
| 650 | 0 | 0 | |a Mathematics. |
| 650 | 0 | 0 | |a Speeches, addresses, etc. |
| 852 | |a INST |b SAMOS |c MAG |e 20110302 |h 510 ΕΛΛ |p 005300031512 |q 005300031512 |t BK |y 0 | ||
| 901 | |a BIBL3-2011-1 | ||
| 909 | |a Σ |b 162677 | ||
| 970 | |a ΓΟΥΒΑΛΑ |b ΒΑΣΩ |z 2011/03/02 | ||